000 01276nam a2200337 a 4500
001 000110394
003 CHAP
005 20220329144130.0
008 140825s2014 mx a |sm |||||||spa d
010 _a106856
011 _a107828
040 _cCHAP
090 _aTesis
100 1 _aParedes Espejel, Mizael Jacob
_985508
245 1 0 _aProducción de leche y queso panela de vacas jersey y sus cruzas con holstein en pastoreo organico
_h[En línea]
_cpor Mizael Jacob Paredes Espejel.
260 _aChapingo, Méx. :
_bEl autor,
_c2014.
500 _aPara ver el contenido del material haga clic en la liga
502 _aTesis (M.C. en Innovaciones Ganadera) -- UACH. Departamento de Enseñanza, Investigación y Servicio en Zootecnia
590 _aBATCH-UPD
_b05
_c20141002
_lUCH01
_h0905
590 _aE5652GLJ
_b05
_c20140825
_lUCH01
_h1216
590 _aE5652GLJ
_b05
_c20140825
_lUCH01
_h1216
650 1 4 _aAlimentos y alimentación del ganado
_94326
650 1 4 _aGanado lechero
_xCruzas.
_945253
650 1 4 _aGanado lechero
_xPastoreo.
_945284
650 1 4 _aLeche
_xProducción.
_965400
650 1 4 _aQueso
_xProducción.
_9126159
856 _aFinding aid
_uhttp://10.13.5.2/tesis/sist110394.pdf
_zTeclea aquí
901 _aBK
942 _cTESIS
942 _n0
999 _c106856
_d106856